000 00728nam a2200253Ia 4500
003 OSt
005 20220925203710.0
006 a|||||r|||| 00| 0
007 ta
008 220923b |||||||| |||| 00| 0 eng d
020 _a13496828X
037 _cGeneral Book
040 _aRTL
_cRTL
_beng
041 _2eng
_aeng
082 _aSigma b4, L0
100 _aBlalock Hubert M
_9131137
245 0 _aIntroduction to social research
260 _aEnglewood
_bCliffs New Jersey prentice-Hall
_c1970
300 _a120p.
_ccm.
490 _aPrentice-Hall general sociology series
650 _aSocial Science
_911018
942 _hSigma b4, L0
_cGB
_2CC
999 _c547460
_d547460